| 000 | 00627nam a22002297a 4500 | ||
|---|---|---|---|
| 003 | URS | ||
| 005 | 20250828100520.0 | ||
| 008 | 250402b ||||| |||| 00| 0 eng d | ||
| 020 | _a0-02-38440-7 | ||
| 040 | _cURS | ||
| 050 |
_aTX167 _b.O66 1972 |
||
| 100 | 1 | _aOppenheim, Irene | |
| 245 | _aManagement of the modern home | ||
| 250 | _aSecond edition | ||
| 264 |
_aNew York _bMacMillan Publishing Company _c©1972 |
||
| 300 |
_axiii,338 pages : _billustrations ; _c24 cm. |
||
| 336 |
_2rdacontent _atext |
||
| 337 |
_2rdamedia _aunmediated |
||
| 338 |
_2rdacarrier _avolume |
||
| 650 | _aHome Economics | ||
| 942 |
_cCR _2lcc |
||
| 999 |
_c85166 _d85164 |
||